000 00355nam a2200145Ia 4500
008 230917s9999||||xx |||||||||||||| ||und||
040 _e58667
_aMAIN
041 _aEnglish
082 _a380.5 N441T
100 _aNewell, G F
245 0 _aTrafic flow on transportation networks
260 _aCambridge
_bMIT
_c1980
300 _axiv, 276 p.
942 _cBK
999 _c41653
_d41653